Massive investment in internet infrastructure forecast (Record no. 66305)

MARC details
000 -LEADER
fixed length control field 00887cam a2200217 4500
001 - CONTROL NUMBER
control field WB3710-01
008 - FIXED-LENGTH DATA ELEMENTS--GENERAL INFORMATION
fixed length control field 000000n2001 000 0 eng u
035 ## - SYSTEM CONTROL NUMBER
System control number (Sirsi) u111277
245 ## - TITLE STATEMENT
Title Massive investment in internet infrastructure forecast
260 ## - PUBLICATION, DISTRIBUTION, ETC.
Date of publication, distribution, etc. 2001
490 ## - SERIES STATEMENT
Series statement Building
Volume/sequential designation 266(8171) 2 March 2001, 18(1)
520 ## - SUMMARY, ETC.
Summary, etc. Figures released by "Building" suggest that construction spend on co-location centres over the next 3 years could be up to £500m in the UK and a considerable £3.5bn in Europe. An Ernst and Young report "Executive Exchange", due to be published next month, backs up this promise of a potential cash bonanza for construction.
590 ## - LOCAL NOTE (RLIN)
Local note WB
650 ## - SUBJECT ADDED ENTRY--TOPICAL TERM
Topical term or geographic name entry element ERNST AND YOUNG
650 ## - SUBJECT ADDED ENTRY--TOPICAL TERM
Topical term or geographic name entry element FORECASTS
650 ## - SUBJECT ADDED ENTRY--TOPICAL TERM
Topical term or geographic name entry element INTERNET HOSTING CENTRES
650 ## - SUBJECT ADDED ENTRY--TOPICAL TERM
Topical term or geographic name entry element TELECOMMUNICATIONS
650 ## - SUBJECT ADDED ENTRY--TOPICAL TERM
Topical term or geographic name entry element DATA CENTRES
690 ## - LOCAL SUBJECT ADDED ENTRY--TOPICAL TERM (OCLC, RLIN)
Topical term or geographic name as entry element BUILT ENVIRONMENT
942 ## - ADDED ENTRY ELEMENTS (KOHA)
Suppress in OPAC 0
Holdings
Withdrawn status Lost status Source of classification or shelving scheme Damaged status Not for loan Home library Current library Shelving location Date acquired Total Checkouts Full call number Barcode Date last seen Copy number Price effective from Koha item type
    Dewey Decimal Classification     London London News article 06/03/2001   WB3710-01 111277-1001 06/08/2019 1 06/08/2019 News article